Satire italiane /

সংরক্ষণ করুন:
গ্রন্থ-পঞ্জীর বিবরন
প্রধান লেখক: Comisso, Giovanni, (1895-1969) (লেখক)
অন্যান্য লেখক: Ferrero, Ernesto, (1938-2023) (ভূমিকা রচয়িতা, ইত্যাদি)
বিন্যাস: গ্রন্থ
ভাষা:ইতালিয়
প্রকাশিত: Milano : Longanesi, 2008
মালা:Biblioteca di narratori ; 13
ট্যাগগুলো: ট্যাগ যুক্ত করুন
কোনো ট্যাগ নেই, প্রথমজন হিসাবে ট্যাগ করুন!

MARC

LEADER 00000nam a22000007i 4500
001 IT\ICCU\LO1\1221413
003 ItRI
005 20260115232055.0
008 081125s2008 it |||||| ||||| |||||c
020 |a 9788830426184 
040 |b ita  |c importazione bologna sebina 
041 7 |a ita  |2 ISO-639-2 
100 1 |a Comisso, Giovanni,  |d  (1895-1969)  |0 IT\ICCU\CFIV\000223  |4 aut 
240 1 0 |a Satire italiane.  |3 IT\ICCU\VIA\0469336  |9 Comisso, Giovanni <1895-1969> 
245 1 0 |a Satire italiane /  |c di Giovanni Comisso ; introduzione di Ernesto Ferrero. 
260 |a Milano :  |b Longanesi,  |c 2008 
300 |a 412 p. ;  |c 21 cm 
700 1 |a Ferrero, Ernesto,  |d  (1938-2023)  |0 IT\ICCU\CFIV\051659  |4 aui 
777 1 |w IT\ICCU\LO1\1247253  |t I viaggi italiani dell'infante poeta  |a Ferrero, Ernesto (1938-2023)  |0 IT\ICCU\CFIV\051659 
830 0 |a Biblioteca di narratori ;  |v 13  |0 IT\ICCU\RMS\1845264 
942 |2 ddc  |c BK  |n 0 
952 |0 0  |1 0  |4 0  |6 DOC_853_912000000000000_COM  |7 0  |9 19558  |a BO  |b BO  |d 2026-01-15  |i 12923  |l 0  |o DOC 853.912 COM  |p BO12923  |r 2026-01-15 23:20:55  |w 2026-01-15  |x [Sebina 5] [1 v.]  |y BK  |z 1 v. 
999 |c 16663  |d 16663